00723nam a22001937a 4500999001900000005001700019010001500036020002600051035001400077037001300091082000800104245004900112260004700161270009400208300002500302500005000327942002200377952013000399  c170152d17015220191226142439.0  aENG-127078  c950.00a9788193374573  aEN-110610  bDBAD/PUB  a280  aSalesian sources :bDon Bosco and his works   aBengalurebKristu Jyoti Publicationsc2017  aBosco NagarbKrishnarajapuram, Bengaluree560036mkristujyotipub@yahoo.co.ink09481201282  aCII;1515p.c21cm(Hb)  aIncludes bibliographical references and index  2ddccENh280mSAL  001040708NFICaAVbAVd2019-12-11eDBAD/PUBg950.00l1o280 SALpEN-110610r2023-11-09 00:00:00s2023-10-28t1v950.00yEN